000 01058nam a22002417a 4500
999 _c65403
_d65403
005 20240530110823.0
008 190711s2019 ua a g 000 0 ara d
017 _bمصر. دار الكتب
_a2018/23605
020 _a9789778123739
040 _aEG-CaGPL
_cEG-CaGPL
082 0 4 _221
_a320.9624 /
_bع س
100 0 _aعزام ابوليلة
245 1 2 _aالسودان قصة الحرب والانقسام :
_bاعترافات قادة الحركات المسلحة ورجال السياسة والدور الاسرائيلى فى السودان وحوض النيل /
_cعزام ابوليلة
250 _aط.1
260 _aالقاهرة :
_bالمكتب العربى للمعارف،
_c2019 .
300 _a205 ص. ؛
_c24 سم.
650 0 7 _aالحركات الشعبية
_2qrmak
_zالسودان
650 0 7 _aمحاكمة البشير
_2qrmak
651 0 7 _2qrmak
_aالسودان
_xتاريخ
651 0 7 _aالسودان
_xالاحوال السياسية
_2qrmak
942 _2ddc
_cBK